Legitimación del Estado en la conciencia cotidiana: Mario Andrés Solano Solano
Furkejuvvon:
| Váldodahkki: | |
|---|---|
| Materiálatiipa: | Texto |
| Giella: | Spanish |
| Almmustuhtton: |
San José :
Editorial Tecnológica de Costa Rica. Editorial de la Universidad de Costa Rica
1999
|
| Fáttát: | |
| Fáddágilkorat: |
Lasit fáddágilkoriid
Eai fáddágilkorat, Lasit vuosttaš fáddágilkora!
|
MARC
| LEADER | 00000 a a2200000 04500 | ||
|---|---|---|---|
| 001 | 35618 | ||
| 003 | cru CIDCACS/IIS | ||
| 005 | 20231207170113.0 | ||
| 008 | 170505b1999 CR ||||| |||| 00| 0 spa d | ||
| 020 | |a 9977-67-544-9 | ||
| 040 | |c cru CIDCACS/IIS |a cru CIDCACS/IIS | ||
| 090 | |a 04.04.02 S684l | ||
| 100 | |a Solano Solano, Mario Andrés. | ||
| 245 | |a Legitimación del Estado en la conciencia cotidiana: |c una indagación sociopsicológica sobre la dominación política / |b Mario Andrés Solano Solano | ||
| 260 | |a San José : |b Editorial Tecnológica de Costa Rica. Editorial de la Universidad de Costa Rica |c 1999 | ||
| 300 | |a 461 páginas | ||
| 650 | |a ESTADO | ||
| 650 | |a CONCIENCIA DE CLASE | ||
| 650 | |a POLITICA | ||
| 650 | |a LIBERALISMO | ||
| 650 | |a SOCIOLOGIA | ||
| 650 | |a IDEOLOGIAS | ||
| 650 | |a MARXISMO | ||
| 650 | |a COSTA RICA | ||
| 942 | |2 z |c LI |h 04.04.02 S684l |i 02921 |6 040402_S684L_02921 | ||
| 999 | |c 6229 |d 6229 | ||



